Los aztecas, hombre y tribu

Uloženo v:
Podrobná bibliografie
Hlavní autor: Hagen, Víctor Wolfgang von (Autor)
Médium: Kniha
Jazyk:španělština
Vydáno: Ciudad de México Diana 1965
Vydání:2a. ed
Témata:
Tagy: Přidat tag
Žádné tagy, Buďte první, kdo vytvoří štítek k tomuto záznamu!

MARC

LEADER 00000nam a2200000 a 4500
001 UCO5754
003 CL-VaPUC
008 000915e19650000MX |||||||||||||||||spa|d
082 0 4 |a 972.018  |b HAG  |2 21 
100 |a Hagen, Víctor Wolfgang von  |e author  |9 450559 
245 1 4 |a Los aztecas, hombre y tribu 
250 |a 2a. ed 
300 |a 231 p 
942 |c BK 
945 |d 20000915 00:00:00  |a crobeson 
260 |a Ciudad de México  |b Diana  |c 1965 
650 7 |a HISTORIA MEXICANA  |2 CL-VaPUC  |9 333909 
650 7 |a AZTECAS HISTORIA  |2 CL-VaPUC  |9 268554 
650 0 |a Culturas precolombinas  |9 408769 
651 0 |a México  |9 255269 
583 |a last modification  |c 20160602 17:23:52  |k Rodrigo Vera 
999 |c 291584  |d 291582 
952 |0 0  |1 0  |4 0  |6 972_018000000000000_HAG_1965  |7 0  |8 A  |9 341547  |a BIBART  |b BIBART  |d 2019-11-20  |i 1222228  |o 972.018 HAG 1965  |p 1222228  |r 2025-03-13  |w 2019-11-20  |y BK  |k ART